000 00728nam a22001937a 4500
005 20251108164350.0
008 250721s1992 xx 000 0 ara d
082 1 4 _a510/محم
100 1 _aالمنصوري، محمد توفيق
245 1 0 _aأساسيات الرياضة للتجاريين ( 3 ) /
264 1 _aالقاهرة :
_bجامعة القاهرة - التعليم المفتوح،
_c1992.
300 _a359ص
490 0 _aدراسات بكالوريوس التجارة في المعاملات المالية و التجارية
650 1 7 _aالرياضيات
700 1 _aمرجان، إبراهيم محمد
700 1 _aأحمد، مصطفى عبد الغني
942 _2ddc
_cBK
999 _c10391
_d10391